Authentizität : Artefakt und Versprechen in der Archäologie /

محفوظ في:

مؤلف مشترك: Universität Bonn. Ägyptisches Museum.

مؤلفون آخرون: Fitzenreiter, Martin

التنسيق: كتاب

اللغة: German
English

منشور في: London : Golden House Publications, 2014.

سلاسل: Internet-Beitrage zur Agyptologie und Sudanarchaologie ; 15.
IBAES ; 15.

الموضوعات:

الوسوم: إضافة وسم

لا توجد وسوم, كن أول من يضع وسما على هذه التسجيلة!

رقم الطلب: DT57 .I82 v.15

LEADER 01415namaa2200349 4500
001 23912
003 OSt
005 20220108101317.0
008 130303s2014 enka g b 101 0 ger d
952 |0 0  |1 0  |2 lcc  |3 v.15  |4 0  |6 DT0057 I82 V.00015  |7 1  |9 24238  |a ARCE  |b ARCE  |d 2022-01-08  |l 0  |o DT57 .I82 v.15  |p 1018536  |r 2022-01-08 00:00:00  |w 2022-01-08  |y BK 
999 |c 20845  |d 20845 
020 |a 9781906137359 
040 |c ARCE Library 
041 0 |a ger  |a eng 
050 4 |a DT57 .I82 v.15  |b   
245 0 0 |a Authentizität :   |b Artefakt und Versprechen in der Archäologie /   |c Beiträge herausgegeben von Martin Fitzenreiter. 
264 1 |a London :   |b Golden House Publications,   |c 2014. 
300 |a 154 pages :   |b illustrations ;   |c 30 cm. 
490 1 |a Internet-Beitrage zur Agyptologie und Sudanarchaologie ;   |v 15 
490 1 |a IBAES ;   |v 15. 
500 |a "Workshop vom 10. bis 12. Mai 2013, Ägyptisches Museum der Universität Bonn". 
504 |a Includes bibliographical references. 
546 |a Mostly in German; two contributions in English. 
650 0 |a Forgery of antiquities  |v Congresses. 
650 0 |a Art, Ancient  |x Forgeries. 
650 0 |a Art  |x Expertising  |v Congresses. 
700 1 |a Fitzenreiter, Martin,   |9 30075 
710 2 |a Universität Bonn.  |b Ägyptisches Museum. 
830 0 |a Internet-Beitrage zur Agyptologie und Sudanarchaologie ;   |v 15. 
830 0 |a IBAES ;   |v 15. 
901 |a reviewed 
942 |c BK  |2 lcc